El juguete que faltaba / (Record no. 22591)

000 -CABECERA
fixed length control field 00707nam a22001937a 4500
003 - IDENTIFICADOR DEL NÚMERO DE CONTROL
control field AR-CdUCM
008 - DATOS DE LONGITUD FIJA--INFORMACIÓN GENERAL
fixed length control field 190425b ||||| |||| 00| 0 spa d
020 ## - NÚMERO INTERNACIONAL ESTÁNDAR DEL LIBRO
ISBN 9786124831645
040 ## - FUENTE DE LA CATALOGACIÓN
Agencia/entidad que catalogó originalmente la obra MUNICIPALIDAD PROVINCIAL DEL CUSCO
Entidad que transcribió la catalogación BIBLIOTECA MUNICIPAL DEL CUSCO
082 ## - NÚMERO DE LA CLASIFICACIÓN DECIMAL DEWEY
No. de Clasificación PI/869.57/M397J
Notacion interna M397J
100 ## - ENTRADA PRINCIPAL--NOMBRE DE PERSONA
Nombre Personal Mejía Quiroga, Ana
245 ## - MENCIÓN DE TÍTULO
Título El juguete que faltaba /
Mención de responsabilidad Ana Delia Mejía ; ilustraciones de Karem Huamán
260 ## - PUBLICACIÓN, DISTRIBUCIÓN, ETC.
Lugar de publicación, distribución, etc. Lima :
Nombre de la editorial, distribuidor, etc. Colmena Infantil,
Fecha de publicación, distribución, etc. 2020.
300 ## - DESCRIPCIÓN FÍSICA
Nº de Páginas Extensión 27 páginas, 1 página sin numerar :
Otros detalles físicos ilustraciones en color ;
Dimensiones 29 cm
650 ## - PUNTO DE ACCESO ADICIONAL DE MATERIA--TÉRMINO DE MATERIA
Descriptor Poesías infantiles peruanas
9 (RLIN) 5425
700 ## - PUNTO DE ACCESO ADICIONAL--NOMBRE DE PERSONA
Nombre Personal Huamán Granda, Karem
Término de relación ilustrador
9 (RLIN) 48593
942 ## - ELEMENTOS DE PUNTO DE ACCESO ADICIONAL (KOHA)
Fuente de clasificación
Tipo de item Libros-BMC
945 ## - PROCESAMIENTO DE INFORMACIÓN LOCAL (OCLC)
Catalogador rac
Holdings
Estado de retiro (separado) Fuente de clasificación o esquema de estanterías Estado dañado Ubicación Sala donde se ubica Nombre de la colección Fecha de adquisición o compra Fuente de adquisición Costo, precio normal en soles Signatura topográfica Código de Barras Última vez visto (Koha) Tipo de ítem (Koha)
No     Sala de Infantes Sala de Infantes Book Cart 2022-10-12 Donación 45.00 PI/869.57/M397J SI00004867 2022-10-12 Libros-BMC
No     Sala de Infantes Sala de Infantes Book Cart 2022-10-12 Donación 45.00 PI/869.57/M397J/e.2 SI00004868 2022-10-12 Libros-BMC

Powered by Koha